000
00274nam a2200121Ia 4500
005
20251222143126.0
008
251222s9999||||xx |||||||||||||| ||spa||
082
_a
610.12/P68
245
0
_a
ENAM Exámenes Ahora
250
_a
6a. ed.
264
_b
Plus Médica
942
_c
LIB
999
_c
11717
_d
11717